Microeconomics concepts, analysis, and applications

Na minha lista:
Detalhes bibliográficos
Autor principal: Amos, Orley M.
Formato: Livro
Idioma:inglês
Publicado em: Belmont Wadsworth Publishing Company 1987
Assuntos:
Tags: Adicionar Tag
Sem tags, seja o primeiro a adicionar uma tag!

MARC

LEADER 00000nam a2200000 4500
001 c124689
005 20221123135540.1
020 |a 0-534-06951-7 
041 0 |a eng 
044 |a US 
245 1 0 |a Microeconomics  |b concepts, analysis, and applications  |c Orley M. Amos 
264 1 |a Belmont  |b Wadsworth Publishing Company  |c 1987 
300 |a 768 s. 
610 2 0 |a mikroekonomika 
610 2 0 |a veda ekonomická 
610 2 0 |a teórie ekonomické 
610 2 0 |a trh 
610 2 0 |a obchod medzinárodný 
610 2 0 |a rast hospodársky 
610 2 0 |a hospodárstvo svetové 
100 1 |a Amos, Orley M.